MF DOOM Discography (Hard) - Statistics

General Stats
  • This quiz has been taken 37 times
  • The average score is 12 of 33
Answer Stats
Year Type Name % Correct
2004 Solo Album Mm... Food
87%
1999 Solo Album Operation: Doomsday
87%
2004 Collaborative Album Madvillainy
77%
2009 Solo Album Born Like This
63%
2003 Solo Album Take Me To Your Leader
57%
2005 Collaborative Album The Mouse and the Mask
57%
2021 Collaborative Album Super What?
47%
2001 Instrumental Album Special Herbs, Vol. 1
43%
2002 Instrumental Album Special Herbs, Vol. 2
43%
2002 Instrumental Album Special Herbs, Vol. 3
43%
2003 Instrumental Album Special Herbs, Vol.4
43%
2003 Instrumental Album Special Herbs, Vols. 4, 5 & 6
43%
2003 Solo Album Vaudeville Villain
43%
2018 Collaborative Album Czarface Meets Metal Face
40%
2012 Collaborative Album Key to the Kuffs
40%
2000 EP MF EP
40%
2014 Collaborative Album NehruvianDoom
40%
2004 Instrumental Album Special Herbs, Vols. 7 & 8
40%
2004 Instrumental Album Special Herbs, Vols. 5 & 6
30%
2005 Live Album Live From Planet X
23%
2017 EP WestSide Doom
23%
2017 EP Bookhead EP
20%
2010 Live Album Expektoration
20%
2004 Compilation Album Special Blends Volume 1 & 2
20%
2004 Solo Album VV:2
20%
2006 Compilation Album Special Herbs: The Box Set Vol. 0-9
17%
2017 Compilation Album The Missing Notebook Rhymes
17%
2004 Collaborative Album Special Herbs + Spices Volume 1
13%
2009 Compilation Album Unexpected Guests
13%
2008 EP Unicron
13%
2008 Demo Madvillainy Demo Tape
7%
2006 EP Occult Hymn
7%
2011 EP Victory Laps EP
7%
No matching quizzes found
Score Distribution
Percent of People with Each Score
Percentile by Number Answered
Your Score History
You have not taken this quiz